Central Library and Information Centre
Sibsagar Girls' College, Sivasagar : Assam

TULANAMULAK SARKAR (Record no. 4482)

MARC details
000 -LEADER
fixed length control field 00408cam a2200181ua 4500
008 - FIXED-LENGTH DATA ELEMENTS--GENERAL INFORMATION
fixed length control field 181004n1992 II |||gr||||Z||||||asm
040 ## - CATALOGING SOURCE
Original cataloging agency MAIN
041 ## - LANGUAGE CODE
-- English
041 ## - LANGUAGE CODE
-- asm
082 ## - DEWEY DECIMAL CLASSIFICATION NUMBER
Classification number 320.3 GOG
100 ## - MAIN ENTRY--PERSONAL NAME
Personal name GOGOI, PURANDAR.
245 ## - TITLE STATEMENT
Title TULANAMULAK SARKAR
260 ## - PUBLICATION, DISTRIBUTION, ETC.
Place of publication, distribution, etc. DIBRUGARH
Name of publisher, distributor, etc. BANALATA
Date of publication, distribution, etc. 1992
300 ## - PHYSICAL DESCRIPTION
Extent 176:
Dimensions 20CM.
942 ## - ADDED ENTRY ELEMENTS (KOHA)
Koha item type Books
653 ## - INDEX TERM--UNCONTROLLED
Uncontrolled term COMPARATIVE GOVERNMENT
Holdings
Withdrawn status Lost status Damaged status Not for loan Collection code Home library Current library Shelving location Date acquired Full call number Barcode Date last seen Copy number Price effective from Koha item type
        TBPSC Central Library and Information Centre Sibsagar Girls College Central Library and Information Centre Sibsagar Girls College Political Science Rack 06.06.1990 320.3 GOG 12835 27.02.2020 1 27.02.2020 Books
        TBPSC Central Library and Information Centre Sibsagar Girls College Central Library and Information Centre Sibsagar Girls College Political Science Rack 06.06.1990 320.3 GOG 12836 27.02.2020 2 27.02.2020 Books
        TBPSC Central Library and Information Centre Sibsagar Girls College Central Library and Information Centre Sibsagar Girls College Political Science Rack 06.06.1990 320.3 GOG 12837 27.02.2020 3 27.02.2020 Books
        TBPSC Central Library and Information Centre Sibsagar Girls College Central Library and Information Centre Sibsagar Girls College Political Science Rack 06.06.1990 320.3 GOG 12838 27.02.2020 4 27.02.2020 Books
        TBPSC Central Library and Information Centre Sibsagar Girls College Central Library and Information Centre Sibsagar Girls College Political Science Rack 06.06.1990 320.3 GOG 12839 27.02.2020 5 27.02.2020 Books


Sibsagar Girl's College © 2020. All rights reserved.
Powered by Koha.
Maintained by Abhijit Borpuzari.